HAIM Quiz - Statistics

General Stats
  • This quiz has been taken 256 times
  • The average score is 13 of 18
Answer Stats
Hint Answer % Correct
How are they related? Sisters
100%
Youngest Member Alana
98%
2nd Oldest Member Danielle
97%
Oldest Member Este
97%
Name of debut album Days are Gone
79%
Track 7 Days Are Gone
79%
Track 1 Falling
72%
Track 3 The Wire
72%
Track 2 Forever
69%
Track 8 My Song 5
68%
Track 4 If I Could Change Your Mind
65%
Track 6 Don't Save Me
63%
Track 5 Honey & I
58%
Track 11 Running If You Call My Name
58%
Track 9 Go Slow
55%
Track 10 Let Me Go
55%
They are part American and part... Israeli
47%
Which record label was it released on? Polydor
45%
No matching quizzes found
Score Distribution
Percent of People with Each Score
Percentile by Number Answered
Your Score History
You have not taken this quiz